000
002440000a22000970004500
100
1
_a
Tamayo, Juan Pablo
245
1
0
_a
Creemos en el reino de Dios
300
_a
Vol. 3, Núm 13 (1991), Páginas 13
773
0
_t
Impacto Presbiteriano
942
_c
ANA
999
_c
50962
_d
50962